| 000 | 00000nam##2200000za#4500 |
| 001 | 9.681466 |
| 003 | CaOODSP |
| 005 | 20210507160758 |
| 007 | ta |
| 008 | 150407|2001||||xxc||||| f|0| 0 fre|d |
| 020 | |a0-662-85700-3 |
| 040 | |aCaOODSP|bfre |
| 043 | |an-cn--- |
| 086 | 1 |aCW66-200/2001F |
| 110 | 2 |aService canadien de la faune. |
| 245 | 10|aGuide sur les dons écologiques en Ontario 2001 |
| 260 | |aDownsview - Ontario : |bEnvironnement Canada. |c2001. |
| 300 | |a20p. : |bill., tableaux ; |c28 cm. + |eTraitement fiscal des dons écologiques (8p.). |
| 563 | |aCouverture souple |
| 590 | |a02-06|b2002-02-08 |
| 691 | 07|aDon de charité|2gcpds |
| 691 | 07|aAire de conservation|2gcpds |
| 775 | 08|tThe Ontario ecogifts handbook |w(CaOODSP)9.648115 |
| 776 | 0#|t[Guide sur les dons écologiques en Ontario 2001] |w(CaOODSP)9.639801 |